Most Deadly War from each Century - Statistics

General Stats
  • This quiz has been taken 50 times
  • The average score is 6 of 20
Answer Stats
Hint Answer % Correct
1900s World War 2
93%
2000s Second Congo War
50%
1200s Mongol Invasions
43%
1300s Mongol Invasions
43%
1000s Crusades
41%
1100s Crusades
41%
1700s Napoleonic Wars and French Revolution
36%
1800s Taiping Rebellion
34%
300s Germanic-Roman wars
25%
400s Germanic-Roman wars
25%
500s Germanic-Roman wars
25%
600s Germanic-Roman wars
25%
200s Three Kingdoms
23%
700s An Lushan Rebellion
20%
100s Jewish-Roman wars
18%
800s Reconquista
18%
900s Reconquista
18%
1400s Conquests of Timur
16%
1500s Spanish conquest of Mexico
9%
1600s Manchu Conquest of China
7%
No matching quizzes found
Score Distribution
Percent of People with Each Score
Percentile by Number Answered
Your Score History
You have not taken this quiz